[Event "4th Al Ain Chess Classic"]
[Site "Al-Ain UAE"]
[Date "2015.12.29"]
[Round "8.6"]
[White "Rakhmanov, Aleksandr"]
[Black "Pantsulaia, Levan"]
[Result "1/2-1/2"]
[WhiteTitle "GM"]
[BlackTitle "GM"]
[WhiteElo "2640"]
[BlackElo "2598"]
[WhiteFideId "4173708"]
[BlackFideId "13602071"]
[EventDate "2015.12.23"]

1. e4 c5 2. Nf3 e6 3. c3 Nf6 4. e5 Nd5 5. g3 d6 6. exd6 Bxd6 7. d4 O-O 8. Bg2
Nc6 9. O-O cxd4 10. Nxd4 Bd7 11. Nxc6 Bxc6 12. Nd2 Rc8 13. Re1 b5 14. Nf3 a6 15.
Qd3 Bc5 16. Qe2 Nb6 17. Be3 Bxe3 18. Qxe3 Nc4 19. Qe2 Qb6 20. Ne5 Bxg2 21. Kxg2
Rfd8 22. Rad1 Nxe5 23. Qxe5 h6 24. Qe2 Qc6+ 25. Kg1 Rd5 26. Qf3 1/2-1/2

[Event "4th Al Ain Chess Classic"]
[Site "Al-Ain UAE"]
[Date "2015.12.29"]
[Round "8.7"]
[White "Arencibia Rodriguez, Walter"]
[Black "Oleksiyenko, Mykhaylo"]
[Result "0-1"]
[WhiteTitle "GM"]
[BlackTitle "GM"]
[WhiteElo "2501"]
[BlackElo "2616"]
[WhiteFideId "3500012"]
[BlackFideId "4152417"]
[EventDate "2015.12.23"]

1. e4 c5 2. Nf3 e6 3. d4 cxd4 4. Nxd4 Nc6 5. Nc3 Qc7 6. Be2 Nf6 7. O-O a6 8. Be3
Be7 9. f4 d6 10. Qe1 O-O 11. Kh1 Nxd4 12. Bxd4 b5 13. a3 Nd7 14. Rd1 Bb7 15. Qg3
Bf6 16. f5 Bxd4 17. Rxd4 e5 18. Rd2 Nf6 19. Rfd1 Kh8 20. Bf3 Rad8 21. Qe1 h6 22.
Qe3 Rfe8 23. g4 d5 24. Nxd5 Bxd5 25. exd5 e4 26. d6 Qc6 27. Be2 Re5 28. b4 Rd7
29. h3 Ne8 30. Kh2 f6 31. Qb3 Rxd6 32. c4 Rxd2 33. Rxd2 e3 34. Rd4 Nd6 35. c5
Nc4 36. Qd3 Re8 37. Kg1 Kh7 38. a4 Qc7 39. Kg2 Qe5 40. Rd5 Qf4 41. Kh1 Nd2 0-1

[Event "4th Al Ain Chess Classic"]
[Site "Al-Ain UAE"]
[Date "2015.12.29"]
[Round "8.8"]
[White "Kovalenko, Igor"]
[Black "Gabuzyan, Hovhannes"]
[Result "0-1"]
[WhiteTitle "GM"]
[BlackTitle "GM"]
[WhiteElo "2680"]
[BlackElo "2585"]
[WhiteFideId "14117908"]
[BlackFideId "13303732"]
[EventDate "2015.12.23"]

1. d4 Nf6 2. c4 g6 3. Nc3 d5 4. Bg5 Bg7 5. Bxf6 Bxf6 6. cxd5 c6 7. e4 cxd5 8.
Bb5+ Bd7 9. Bxd7+ Qxd7 10. exd5 Na6 11. Nf3 Nc7 12. Qb3 O-O-O 13. O-O Nxd5 14.
Ne4 Kb8 15. Rac1 Nf4 16. Rfe1 Qd5 17. Rc4 g5 18. Nc5 Rd6 19. g3 Rb6 20. Qa4 Nh3+
21. Kg2 Rd8 22. Re4 g4 23. Rxg4 Ng5 24. Rxg5 Bxg5 25. Qc2 Bf6 26. b3 h5 27. h4
Rc6 28. Qe2 Rg8 29. Rb4 Ka8 30. Rb5 Rb6 31. Na6 Qd6 32. Rd5 Qc6 33. Rc5 Qd7 34.
Nc7+ Kb8 35. Nd5 Re6 36. Qc4 Rc8 37. Nf4 Re4 38. Nd3 e6 39. Nde5 Bxe5 40. Nxe5
Qe8 41. Qd3 f5 42. f3 Re1 43. Qd2 Ra1 44. Nc4 Rd8 45. a4 b6 46. Rb5 Qc6 47. Kf2
Ka8 48. Qb2 Rh1 49. Kg2 Rd1 50. Qc3 Kb8 51. Nxb6 Qxc3 52. Nd5+ Kc8 53. Nxc3 Rd2+
54. Kf1 R8xd4 55. Ne2 R4d3 56. Kf2 Rc3 57. b4 Kd7 58. Re5 Kd6 59. f4 Rc4 60. Ke3
Rd5 61. b5 Rxe5+ 62. fxe5+ Kxe5 63. a5 Ra4 64. b6 Rxa5 65. bxa7 Rxa7 66. Nf4 Rh7 0-1

[Event "4th Al Ain Chess Classic"]
[Site "Al-Ain UAE"]
[Date "2015.12.29"]
[Round "8.9"]
[White "Kulaots, Kaido"]
[Black "Amin, Bassem"]
[Result "1/2-1/2"]
[WhiteTitle "GM"]
[BlackTitle "GM"]
[WhiteElo "2574"]
[BlackElo "2665"]
[WhiteFideId "4500261"]
[BlackFideId "10601457"]
[EventDate "2015.12.23"]

1. d4 Nf6 2. c4 e6 3. Nf3 Bb4+ 4. Nbd2 b6 5. a3 Bxd2+ 6. Qxd2 Bb7 7. e3 O-O 8.
Be2 Ne4 9. Qc2 f5 10. O-O a5 11. b3 d6 12. Bb2 Nd7 13. Rad1 Qe7 14. d5 e5 15.
Nd2 Nxd2 16. Rxd2 f4 17. exf4 Rxf4 18. Re1 Raf8 19. Bd3 Rh4 20. g3 Qg5 21. Bf1
Bc8 22. Rde2 Rh5 23. b4 axb4 24. axb4 Nf6 25. f3 Bf5 26. Qd2 Qg6 27. Rf2 Bh3 28.
Bd3 Bf5 29. Bf1 Bh3 30. Bd3 Bf5 31. Bf1 1/2-1/2

[Event "4th Al Ain Chess Classic"]
[Site "Al-Ain UAE"]
[Date "2015.12.29"]
[Round "8.11"]
[White "Efimenko, Zahar"]
[Black "Lalith Babu M R"]
[Result "1-0"]
[WhiteTitle "GM"]
[BlackTitle "GM"]
[WhiteElo "2647"]
[BlackElo "2553"]
[WhiteFideId "14107201"]
[BlackFideId "5024595"]
[EventDate "2015.12.23"]

1. Nf3 Nf6 2. g3 d5 3. Bg2 c6 4. d3 Bg4 5. O-O Nbd7 6. Nbd2 e5 7. e4 Bd6 8. h3
Bh5 9. exd5 cxd5 10. c4 O-O 11. cxd5 Nxd5 12. Qb3 N5b6 13. Ne4 Be7 14. a4 Bxf3
15. Bxf3 Kh8 16. a5 f5 17. Nc3 Nc5 18. Qa2 Nbd7 19. Rd1 Rc8 20. d4 e4 21. dxc5
exf3 22. a6 Bxc5 23. Qe6 Re8 24. Qxf5 Qb6 25. Ne4 Qc6 26. Nxc5 Nxc5 27. axb7
Nxb7 28. Be3 Nd6 29. Qd5 Nb5 30. Qxc6 Rxc6 31. Rd7 a6 32. g4 Kg8 33. Kh2 Rc7 34.
Rxc7 Nxc7 35. Rd1 Kf7 36. Kg3 Ke6 37. Bf4 Nd5 38. Re1+ Kf7 39. Rxe8 Kxe8 40.
Kxf3 Kf7 41. Be5 g6 42. Ke4 Ke6 43. f4 Ne7 44. Kd4 h5 45. Kc5 hxg4 46. hxg4 Nd5
47. g5 Ne3 48. Kb6 Kd5 49. Kxa6 Kc5 50. Kb7 Kd5 1-0

[Event "4th Al Ain Chess Classic"]
[Site "Al-Ain UAE"]
[Date "2015.12.29"]
[Round "8.12"]
[White "Mchedlishvili, Mikheil"]
[Black "Malakhatko, Vadim"]
[Result "1-0"]
[WhiteTitle "GM"]
[BlackTitle "GM"]
[WhiteElo "2635"]
[BlackElo "2531"]
[WhiteFideId "13600966"]
[BlackFideId "14104202"]
[EventDate "2015.12.23"]

1. d4 e6 2. c4 Bb4+ 3. Nd2 d5 4. Qa4+ Nc6 5. e3 Bd7 6. Qc2 Nf6 7. Nf3 O-O 8. a3
Bxd2+ 9. Bxd2 Ne4 10. Bd3 Nxd2 11. Nxd2 h6 12. O-O Ne7 13. Rac1 dxc4 14. Bxc4
Rc8 15. Ba2 Bc6 16. Rfd1 b6 17. Nc4 Bd5 18. b4 Bxc4 19. Bxc4 c6 20. g3 b5 21.
Ba2 a5 22. Bb1 g6 23. e4 Ra8 24. Qd2 h5 25. Rc5 axb4 26. axb4 Kg7 27. Bc2 Qd7
28. Qc3 Kg8 29. Bb3 Ra7 30. Kg2 Rd8 31. Rd3 Qe8 32. Qd2 Rad7 33. Qe3 Rd6 34. Rc1
R6d7 35. h3 Qf8 36. g4 hxg4 37. hxg4 Qg7 38. Rcd1 Kf8 39. f4 Kg8 40. e5 Nd5 41.
Bxd5 Rxd5 42. Rh1 Ra8 43. Qf2 Rad8 44. Rhh3 R5d7 45. Kh2 f6 46. f5 Rf8 47. g5 1-0

[Event "4th Al Ain Chess Classic"]
[Site "Al-Ain UAE"]
[Date "2015.12.29"]
[Round "8.13"]
[White "Zeng, Chongsheng"]
[Black "Hovhannisyan, Robert"]
[Result "0-1"]
[WhiteTitle "GM"]
[BlackTitle "GM"]
[WhiteElo "2530"]
[BlackElo "2624"]
[WhiteFideId "8603847"]
[BlackFideId "13302507"]
[EventDate "2015.12.23"]

1. b3 e5 2. Bb2 Nc6 3. e3 Nf6 4. Bb5 Bd6 5. Bxc6 dxc6 6. d3 Bg4 7. Ne2 Qe7 8.
Nd2 O-O-O 9. h3 Bh5 10. O-O g5 11. e4 Rhg8 12. g3 Nd7 13. f3 Bg6 14. Nc4 h5 15.
Kg2 f5 16. exf5 Bxf5 17. g4 Be6 18. Ng3 Nf6 19. Qe2 hxg4 20. hxg4 Nd5 21. Bxe5
Bxe5 22. Qxe5 Nf4+ 23. Kg1 Qh7 24. Nh5 Rde8 25. Rae1 Nxh5 26. gxh5 Bxc4 27.
Qxe8+ Rxe8 28. Rxe8+ Kd7 29. Re5 Bf7 30. Rxg5 Bxh5 31. Kg2 b6 32. f4 Qe7 33. Rf2
Bf7 34. c4 Kc8 35. Re5 Qf6 36. Kf3 Qh4 37. Kg2 c5 38. f5 Qg4+ 39. Kf1 Qh3+ 40.
Ke2 Bh5+ 41. Kd2 Qg3 42. Ree2 Bxe2 43. Kxe2 Qe5+ 44. Kd2 Qf6 45. Ke3 Kd7 46. Kd2
Ke7 47. Kc2 Qa1 0-1

[Event "4th Al Ain Chess Classic"]
[Site "Al-Ain UAE"]
[Date "2015.12.29"]
[Round "8.14"]
[White "Libiszewski, Fabien"]
[Black "Kravtsiv, Martyn"]
[Result "0-1"]
[WhiteTitle "GM"]
[BlackTitle "GM"]
[WhiteElo "2515"]
[BlackElo "2623"]
[WhiteFideId "616834"]
[BlackFideId "14113147"]
[EventDate "2015.12.23"]

1. e4 e5 2. Nf3 Nc6 3. Bb5 a6 4. Ba4 Nf6 5. O-O Be7 6. d3 b5 7. Bb3 d6 8. a3 O-O
9. Nc3 Na5 10. Ba2 Be6 11. Bg5 c5 12. b4 Nc6 13. Bxf6 Bxf6 14. Nd5 Rc8 15. c3
Bxd5 16. Bxd5 Ne7 17. Qb3 Qc7 18. Rfd1 h6 19. a4 cxb4 20. cxb4 Qb6 21. a5 Qc7
22. Qa2 Nxd5 23. Qxd5 Qc6 24. Qxc6 Rxc6 25. Kf1 Rfc8 26. Ke2 Rc2+ 27. Rd2 d5 28.
Rb1 R2c3 29. exd5 Rd8 30. Rbb2 Rxd5 31. Ne1 Rc6 32. Rbc2 Re6 33. Rc8+ Kh7 34. f3
Bg5 35. Rdc2 Rd4 36. Rb2 f5 37. Nc2 Rd7 0-1

[Event "4th Al Ain Chess Classic"]
[Site "Al-Ain UAE"]
[Date "2015.12.29"]
[Round "8.15"]
[White "Gasanov, Eldar"]
[Black "Onischuk, Vladimir"]
[Result "0-1"]
[WhiteTitle "GM"]
[BlackTitle "GM"]
[WhiteElo "2485"]
[BlackElo "2612"]
[WhiteFideId "14104466"]
[BlackFideId "14114038"]
[EventDate "2015.12.23"]

1. d4 Nf6 2. c4 d6 3. Nc3 e5 4. Nf3 Nbd7 5. Bg5 Be7 6. e3 O-O 7. Qc2 exd4 8.
exd4 h6 9. Bd2 Nb6 10. b3 Bg4 11. Be2 Qd7 12. O-O Rae8 13. d5 Bd8 14. Rfe1 Qf5
15. Bd3 Qh5 16. Nd4 Rxe1+ 17. Rxe1 Re8 18. Nf5 Rxe1+ 19. Bxe1 Bxf5 20. Bxf5 g6
21. Bh3 Qe5 22. Qe2 Nfd7 23. Kf1 h5 24. g3 Kf8 25. f4 Qh8 26. Ne4 f5 27. Nd2 Qa1
28. Nf3 Nc5 29. Qc2 Ne4 30. Nd2 Nxd2+ 31. Qxd2 Bf6 32. Bg2 Nd7 33. Bf3 Nc5 34.
Ke2 b6 35. Qc2 a5 36. h3 Kg7 37. g4 hxg4 38. hxg4 fxg4 39. Bxg4 Qd4 40. Bd2 Qg1
41. Bf3 Bd4 42. Be4 Kf6 43. Bd3 Qf2+ 44. Kd1 Qf3+ 45. Be2 Qh1+ 46. Be1 Ne4 47.
Bd3 Bf2 48. Qb2+ Kf7 49. Qe2 Nc3+ 0-1

[Event "4th Al Ain Chess Classic"]
[Site "Al-Ain UAE"]
[Date "2015.12.29"]
[Round "8.16"]
[White "Iordachescu, Viorel"]
[Black "Deepan, Chakkravarthy J."]
[Result "1-0"]
[WhiteTitle "GM"]
[BlackTitle "GM"]
[WhiteElo "2600"]
[BlackElo "2496"]
[WhiteFideId "13900200"]
[BlackFideId "5011132"]
[EventDate "2015.12.23"]

1. e4 c5 2. Nf3 e6 3. Nc3 a6 4. d4 cxd4 5. Nxd4 d6 6. Bd3 Nf6 7. f4 Qc7 8. a4 b6
9. Qe2 Nbd7 10. g4 Nc5 11. g5 Nfd7 12. h4 Bb7 13. Be3 Rc8 14. Rh3 Qb8 15. h5 Rc7
16. Bd2 Qc8 17. Kf2 Nb8 18. Rah1 Nc6 19. Nf3 Nxd3+ 20. cxd3 Nb4 21. g6 d5 22.
Ng5 dxe4 23. dxe4 hxg6 24. hxg6 Rxh3 25. gxf7+ Rxf7 26. Rxh3 Rf6 27. Rh8 Qc5+
28. Kg2 Qd4 29. Be3 Qd3 30. Bxb6 Kd7 31. Qf2 Bd6 32. Rd8+ Ke7 33. Rxd6 1-0

[Event "4th Al Ain Chess Classic"]
[Site "Al-Ain UAE"]
[Date "2015.12.29"]
[Round "8.17"]
[White "Vishnu Prasanna, V"]
[Black "Azarov, Sergei"]
[Result "0-1"]
[WhiteTitle "GM"]
[BlackTitle "GM"]
[WhiteElo "2514"]
[BlackElo "2595"]
[WhiteFideId "5030692"]
[BlackFideId "13501470"]
[EventDate "2015.12.23"]

1. c4 Nf6 2. Nf3 b6 3. g3 c5 4. Bg2 Bb7 5. O-O g6 6. Nc3 Bg7 7. d4 cxd4 8. Qxd4
d6 9. Be3 Nbd7 10. Rac1 Rc8 11. Rfd1 a6 12. b3 O-O 13. Qh4 Rc7 14. Ne1 Bxg2 15.
Nxg2 Qb8 16. Nf4 e6 17. Nd3 Qb7 18. Bf4 Ne8 19. f3 b5 20. Ne4 bxc4 21. bxc4 Rc6
22. Kf1 Ndf6 23. Bg5 Nxe4 24. Qxe4 h6 25. Rb1 Qc8 26. Nb4 Rxc4 27. Rdc1 Bc3 28.
Rxc3 Rxc3 29. Be7 f5 30. Qf4 g5 31. Qd4 Rc4 32. Qb6 Rf7 33. Bxd6 Rb7 34. Qxa6
Rbxb4 0-1

[Event "4th Al Ain Chess Classic"]
[Site "Al-Ain UAE"]
[Date "2015.12.29"]
[Round "8.18"]
[White "Babujian, Levon"]
[Black "Andriasian, Zaven"]
[Result "0-1"]
[WhiteTitle "GM"]
[BlackTitle "GM"]
[WhiteElo "2465"]
[BlackElo "2594"]
[WhiteFideId "13301993"]
[BlackFideId "13302000"]
[EventDate "2015.12.23"]

1. d4 Nf6 2. c4 c5 3. d5 b5 4. cxb5 a6 5. bxa6 g6 6. Nc3 Bg7 7. Nf3 O-O 8. e4
Qa5 9. Bd2 Bxa6 10. Bxa6 Qxa6 11. Qe2 e6 12. Qxa6 Nxa6 13. dxe6 fxe6 14. O-O Nb4
15. b3 d5 16. exd5 exd5 17. Ng5 Rfe8 18. Rae1 Nd3 19. Rxe8+ Rxe8 20. a4 d4 21.
Nb5 Re2 22. Bc1 h6 23. Nf3 Ne4 24. Ba3 Ra2 25. Ne1 Nxe1 26. Rxe1 d3 27. Kf1 Nd2+
28. Kg1 Nxb3 29. Rd1 c4 30. Kf1 Nd2+ 31. Ke1 Ne4 32. Kf1 Rxf2+ 33. Kg1 Ra2 34.
a5 Nc3 35. Nxc3 Bxc3 36. Bc5 Rxa5 37. Be3 h5 38. Kf2 Ra1 39. Rxa1 Bxa1 40. Bc1
Bd4+ 41. Kf3 c3 42. Ba3 Kf7 0-1

[Event "4th Al Ain Chess Classic"]
[Site "Al-Ain UAE"]
[Date "2015.12.29"]
[Round "8.19"]
[White "Mollah Abdullah, Al Rakib"]
[Black "Anton Guijarro, David"]
[Result "0-1"]
[WhiteTitle "GM"]
[BlackTitle "GM"]
[WhiteElo "2472"]
[BlackElo "2640"]
[WhiteFideId "10200444"]
[BlackFideId "2285525"]
[EventDate "2015.12.23"]

1. d4 f5 2. Nc3 Nf6 3. Bg5 d5 4. e3 e6 5. Nf3 Nbd7 6. Bd3 c5 7. O-O c4 8. Be2
Bb4 9. Nb1 a6 10. a4 Qc7 11. c3 Bd6 12. b3 Ne4 13. Bh4 O-O 14. bxc4 dxc4 15. Bg3
Rb8 16. Bxd6 Nxd6 17. Nbd2 b5 18. axb5 axb5 19. Qc2 Bb7 20. Ng5 Rfe8 21. Bf3 h6
22. Bxb7 Qxb7 23. Ngf3 Ra8 24. Qb2 Nf6 25. Ne5 Nd5 26. Rfb1 Rxa1 27. Rxa1 Ra8
28. h3 Ra6 29. g4 Qa8 30. Rxa6 Qxa6 31. gxf5 exf5 32. Nb1 Qa4 33. Kg2 Ne4 34.
Kh2 Qb3 0-1

[Event "4th Al Ain Chess Classic"]
[Site "Al-Ain UAE"]
[Date "2015.12.29"]
[Round "8.20"]
[White "Petrosyan, Tigran S."]
[Black "Edouard, Romain"]
[Result "1/2-1/2"]
[WhiteTitle "IM"]
[BlackTitle "GM"]
[WhiteElo "2469"]
[BlackElo "2627"]
[WhiteFideId "13303678"]
[BlackFideId "633429"]
[EventDate "2015.12.23"]

1. Nf3 d5 2. d4 Nf6 3. c4 dxc4 4. e3 Bg4 5. Bxc4 e6 6. h3 Bh5 7. g4 Bg6 8. Ne5
Nbd7 9. Nxg6 hxg6 10. Qf3 c6 11. Nc3 Bb4 12. Bd2 Qe7 13. a3 Ba5 14. b4 Bb6 15.
Kf1 Nd5 16. Kg2 g5 17. b5 Bc7 18. bxc6 bxc6 19. e4 Nxc3 20. Bxc3 O-O 21. Bd2 Bf4
22. Qxf4 e5 1/2-1/2

[Event "4th Al Ain Chess Classic"]
[Site "Al-Ain UAE"]
[Date "2015.12.29"]
[Round "8.21"]
[White "Azaladze, Shota"]
[Black "Parligras, Mircea-Emilian"]
[Result "1/2-1/2"]
[WhiteTitle "IM"]
[BlackTitle "GM"]
[WhiteElo "2468"]
[BlackElo "2586"]
[WhiteFideId "13603027"]
[BlackFideId "1204297"]
[EventDate "2015.12.23"]

1. Nf3 d5 2. g3 Nf6 3. Bg2 c6 4. O-O Bg4 5. d4 e6 6. Nbd2 Be7 7. Re1 Nbd7 8. c3
O-O 9. e4 dxe4 10. Nxe4 Nxe4 11. Rxe4 Bf5 12. Re1 h6 13. Bf4 Qb6 14. Qb3 g5 15.
Bc1 Qxb3 16. axb3 Kg7 17. Nd2 Nb6 18. b4 a6 19. Nb3 Rac8 20. h3 Rc7 21. Nc5 Nd7
22. Nb3 Bc2 23. Na5 Nb6 24. Bd2 Rd8 25. f4 gxf4 26. Bxf4 Bd6 27. Be5+ Bxe5 28.
Rxe5 Rd6 29. Re2 Bd3 30. Rd2 Bf5 31. Re1 Bg6 32. Rf2 Bd3 33. g4 Bg6 34. Kh2 Bd3
35. Kg3 Bg6 36. h4 Rd8 37. h5 Bh7 38. Kh4 Rd6 39. Nb3 Rd8 40. Bh1 Nd7 41. Bg2
Nb6 42. Bh3 Rd5 43. Nc5 Nd7 44. Nb3 Nf6 45. Nd2 a5 46. bxa5 Rxa5 47. Nc4 Ra8 48.
Bg2 Re7 49. g5 hxg5+ 50. Kxg5 Ng8 51. Kh4 Nh6 52. Bh3 Rg8 53. Ne5 Bf5 54. Rg1+
Kh7 55. Rxg8 Kxg8 56. Bxf5 exf5 57. Rg2+ Kh7 58. Kg5 Kg7 59. b4 f6+ 60. Kf4+ Kh7
61. Nc4 Re4+ 62. Kf3 Nf7 63. Rg6 Ng5+ 64. Kf2 Rf4+ 65. Ke3 Rf3+ 66. Ke2 Rxc3 67.
Ne3 Ne6 68. Kd2 Rb3 69. Nxf5 Rxb4 70. Kc3 c5 71. d5 Nd4 72. Rxf6 Nxf5 73. Rxf5
Rd4 74. Rf7+ 1/2-1/2

[Event "4th Al Ain Chess Classic"]
[Site "Al-Ain UAE"]
[Date "2015.12.29"]
[Round "8.22"]
[White "Sengupta, Deep"]
[Black "Baghdasaryan, Vahe"]
[Result "1-0"]
[WhiteTitle "GM"]
[BlackTitle "IM"]
[WhiteElo "2563"]
[BlackElo "2432"]
[WhiteFideId "5008352"]
[BlackFideId "13303139"]
[EventDate "2015.12.23"]

1. e4 c5 2. Nf3 e6 3. d4 cxd4 4. Nxd4 Nc6 5. Nc3 Nf6 6. Nxc6 bxc6 7. e5 Nd5 8.
Ne4 Qc7 9. f4 f5 10. exf6 gxf6 11. Bd2 Rb8 12. c4 Nxf4 13. Qf3 Ng6 14. Nxf6+ Kd8
15. O-O-O Bg7 16. Qc3 h6 17. g4 Nf4 18. h4 d5 19. Rg1 c5 20. g5 hxg5 21. cxd5
exd5 22. Rxg5 d4 23. Rxg7 Qxg7 24. Bxf4 Bd7 25. Qa5+ Rb6 26. Nd5 Rxh4 27. Nxb6 1-0

[Event "4th Al Ain Chess Classic"]
[Site "Al-Ain UAE"]
[Date "2015.12.29"]
[Round "8.23"]
[White "Vaibhav, Suri"]
[Black "Hesham, Abdelrahman"]
[Result "1-0"]
[WhiteTitle "GM"]
[BlackTitle "IM"]
[WhiteElo "2552"]
[BlackElo "2398"]
[WhiteFideId "5045185"]
[BlackFideId "10600183"]
[EventDate "2015.12.23"]

1. e4 c5 2. Nf3 d6 3. d4 cxd4 4. Nxd4 Nf6 5. Nc3 a6 6. Be2 e5 7. Nb3 Be7 8. O-O
O-O 9. Re1 Nc6 10. Bf3 b5 11. Bd2 a5 12. Nxb5 a4 13. Nc1 Qb6 14. Nc3 Nd4 15. Nd3
Bb7 16. a3 Nxf3+ 17. Qxf3 Nxe4 18. Rxe4 f5 19. Rb4 Qxb4 20. axb4 Bxf3 21. gxf3
Rfc8 22. b5 Bd8 23. Nb4 Ba5 24. Rxa4 Bxb4 25. Rxb4 f4 26. Kf1 Kf7 27. Ke2 Ke6
28. Kd3 Ra1 29. b6 Rh1 30. b7 Rb8 31. Rb6 Rxh2 32. Ne4 Rh6 33. Nc5+ 1-0

[Event "4th Al Ain Chess Classic"]
[Site "Al-Ain UAE"]
[Date "2015.12.29"]
[Round "8.24"]
[White "Mammadov, Zaur"]
[Black "Bajarani, Ulvi"]
[Result "0-1"]
[WhiteTitle "GM"]
[BlackTitle "GM"]
[WhiteElo "2467"]
[BlackElo "2551"]
[WhiteFideId "13401033"]
[BlackFideId "13403028"]
[EventDate "2015.12.23"]

1. e4 g6 2. d4 Bg7 3. c3 d6 4. Nf3 Nf6 5. Nbd2 O-O 6. Be2 Nc6 7. O-O e5 8. dxe5
Nxe5 9. Nxe5 dxe5 10. a4 Be6 11. Qc2 Nd7 12. b3 f5 13. Ba3 Rf7 14. Bc4 Qe8 15.
Rad1 Nf6 16. Rfe1 Bxc4 17. Nxc4 f4 18. Rd3 g5 19. f3 Bf8 20. Bxf8 Rxf8 21. Red1
Qe6 22. a5 Rae8 23. Qf2 b6 24. Qa2 Kh8 25. h3 h5 26. Kf2 g4 27. hxg4 hxg4 28.
Rh1+ Kg7 29. Rdd1 b5 30. Nb2 Qc6 31. Nd3 g3+ 32. Kf1 Qxc3 33. Qb2 Qxb2 34. Nxb2
c5 35. Rc1 Rc8 36. Ke2 Rh8 37. Rxh8 Rxh8 38. Nd3 Nd7 39. Rd1 Kf6 40. Ne1 Ke6 41.
Nd3 Rh2 42. Ne1 Nb8 43. Rd5 Nc6 44. Rxc5 Nd4+ 45. Kd3 Rh1 46. Nc2 Rd1+ 47. Kc3
Nxc2 48. Kxc2 Rg1 49. Rc6+ Kf7 50. Rc7+ Kf6 51. Rxa7 Rxg2+ 52. Kc3 Rf2 53. Ra6+
Kg5 54. Ra8 Rxf3+ 55. Kb4 Rf1 56. a6 f3 57. Kxb5 g2 58. a7 Ra1 0-1

[Event "4th Al Ain Chess Classic"]
[Site "Al-Ain UAE"]
[Date "2015.12.29"]
[Round "8.25"]
[White "Petrosyan, Manuel"]
[Black "Ghosh, Diptayan"]
[Result "1-0"]
[WhiteTitle "IM"]
[BlackTitle "IM"]
[WhiteElo "2466"]
[BlackElo "2550"]
[WhiteFideId "13300857"]
[BlackFideId "5045207"]
[EventDate "2015.12.23"]

1. d4 Nf6 2. c4 g6 3. g3 c6 4. Bg2 d5 5. cxd5 cxd5 6. Nf3 Bg7 7. Nc3 O-O 8. Ne5
Bf5 9. O-O Ne4 10. Nxe4 Bxe4 11. Bxe4 dxe4 12. Qb3 Nc6 13. Nxc6 bxc6 14. Be3 Rb8
15. Qa4 Qd7 16. b3 Rb5 17. Rac1 Rh5 18. f4 exf3 19. Rxf3 e5 20. dxe5 Bxe5 21.
Qe4 c5 22. Rxc5 Qd1+ 23. Kg2 Re8 24. Qd5 Qxe2+ 25. Rf2 Rxh2+ 26. Kxh2 Bxg3+ 27.
Kxg3 Rxe3+ 28. Kg2 Qg4+ 29. Kf1 Qh3+ 30. Qg2 Qd7 31. Rd5 Qe6 32. Rd1 h5 33. Rf3
Re4 34. Qd2 Qa6+ 35. Qd3 Qe6 36. Rd2 1-0

[Event "4th Al Ain Chess Classic"]
[Site "Al-Ain UAE"]
[Date "2015.12.29"]
[Round "8.26"]
[White "Omar, Noaman"]
[Black "Gopal, G.N."]
[Result "0-1"]
[WhiteTitle "IM"]
[BlackTitle "GM"]
[WhiteElo "2403"]
[BlackElo "2525"]
[WhiteFideId "9300244"]
[BlackFideId "5015693"]
[EventDate "2015.12.23"]

1. d4 Nf6 2. c4 g6 3. Nc3 d5 4. cxd5 Nxd5 5. e4 Nxc3 6. bxc3 Bg7 7. Nf3 c5 8.
Rb1 O-O 9. Be2 b6 10. O-O Qc7 11. Bg5 Nc6 12. Bh4 Bg4 13. Bg3 Qc8 14. d5 Na5 15.
Ne5 Bxe2 16. Qxe2 e6 17. Rbd1 exd5 18. exd5 Qf5 19. Rfe1 Rfe8 20. d6 Rad8 21.
Qf3 Qxf3 22. gxf3 f6 23. Nd3 Rxe1+ 24. Nxe1 0-1

[Event "4th Al Ain Chess Classic"]
[Site "Al-Ain UAE"]
[Date "2015.12.29"]
[Round "8.27"]
[White "Neverov, Valeriy"]
[Black "Sindarov, Javokhir"]
[Result "1-0"]
[WhiteTitle "GM"]
[BlackTitle "CM"]
[WhiteElo "2516"]
[BlackElo "2224"]
[WhiteFideId "14100150"]
[BlackFideId "14205483"]
[EventDate "2015.12.23"]

1. Nf3 Nf6 2. g3 g6 3. Bg2 Bg7 4. O-O O-O 5. c4 d6 6. Nc3 c6 7. d4 Qb6 8. b3 e5
9. Ba3 Rd8 10. Qd2 Bg4 11. Rad1 Bxf3 12. Bxf3 exd4 13. Na4 Qc7 14. Qxd4 Ne8 15.
Qf4 Qe7 16. Rd3 Nd7 17. Bxd6 Nxd6 18. Qxd6 Qxd6 19. Rxd6 Ne5 20. Rfd1 Rxd6 21.
Rxd6 Rc8 22. Rd2 Bh6 23. Rd1 Bg7 24. Kg2 b5 25. Nc5 bxc4 26. bxc4 Nxc4 27. Rd7
a5 28. e3 Ne5 29. Ra7 Bf8 30. Ne4 Nxf3 31. Kxf3 Bb4 32. Ke2 Rd8 33. g4 h6 34. a4
Kf8 35. Rc7 Re8 36. Kd3 Re6 37. h4 f5 38. gxf5 gxf5 39. Ng3 Rf6 40. Nh5 Rd6+ 41.
Ke2 Rd2+ 42. Kf3 Rc2 43. Ng3 Be1 44. Nxf5 Rxf2+ 45. Ke4 Rc2 46. h5 Rc4+ 47. Kd3
Rc5 48. e4 Bb4 49. Rc8+ Kf7 50. Nxh6+ Kf6 51. Nf5 Ke5 52. Re8+ Kf4 53. h6 Rc3+
54. Kd4 Rh3 55. Re6 c5+ 56. Kc4 Kg5 57. Kb5 Rh2 58. Nd6 Kf4 59. Nc4 Bc3 60. e5
Bd4 61. Kxa5 Ke4 62. Kb5 Rh1 63. a5 Kd5 64. Rd6+ Ke4 65. a6 Rb1+ 66. Kc6 Ra1 67.
Kb7 Bxe5 68. Nxe5 Kxe5 69. Rd8 Rb1+ 70. Kc7 Rh1 71. a7 1-0

[Event "4th Al Ain Chess Classic"]
[Site "Al-Ain UAE"]
[Date "2015.12.29"]
[Round "8.28"]
[White "Ankit, R. Rajpara"]
[Black "Morchiashvili, Bachana"]
[Result "1-0"]
[WhiteTitle "GM"]
[BlackTitle "IM"]
[WhiteElo "2489"]
[BlackElo "2326"]
[WhiteFideId "5023335"]
[BlackFideId "13602535"]
[EventDate "2015.12.23"]

1. d4 Nf6 2. c4 e6 3. Nf3 b6 4. g3 Ba6 5. b3 Bb4+ 6. Bd2 Be7 7. Nc3 d5 8. cxd5
exd5 9. Bg2 O-O 10. O-O c6 11. Ne5 Nbd7 12. f4 Nxe5 13. dxe5 Nd7 14. Be3 Bb4 15.
Qc2 Nxe5 16. fxe5 d4 17. Nd5 cxd5 18. Bxd4 Rc8 19. Qb2 Qe7 20. Rf2 Ba3 21. Qd2
Bb4 22. Qb2 Ba3 23. Qd2 Bb4 24. Qf4 Bc3 25. Rd1 Bxd4 26. Rxd4 Bb7 27. Bxd5 Bxd5
28. Rxd5 Rc2 29. a4 Qe6 30. Rd6 Qe7 31. Rd5 h6 32. Qf5 Rc7 33. Kg2 Re8 34. Rf4
Qe6 35. Qxe6 Rxe6 36. Re4 Kf8 37. Kf3 Ke7 38. Red4 Rec6 39. Rd3 Rc5 40. h3 Rxd5
41. Rxd5 Rc3+ 42. Rd3 Rc2 43. e3 h5 44. Rd4 Rb2 45. b4 Ke6 46. b5 g5 47. g4
hxg4+ 48. hxg4 Ra2 49. Ke4 Ra3 50. Rc4 Kd7 51. Kf5 Rxe3 52. Kxg5 Ke6 53. Rc7
Rxe5+ 54. Kf4 Rd5 55. Rxa7 Kf6 56. Ra6 Ke7 57. Rxb6 Rd4+ 58. Kf5 Rxa4 59. Rb7+
Kf8 60. Rb8+ Kg7 61. Rc8 Rb4 62. Rc5 Rb3 63. g5 Rb1 64. Re5 Rf1+ 65. Ke4 f6 66.
Rf5 Re1+ 67. Kd5 Rg1 1-0